Statistieken voor Filipijnen Trivia Quiz

Klik hier om de quiz te nemen!

Algemene statistieken

  • Deze quiz is 318 keer genomen
  • De gemiddelde score is 8 van 17

Antwoordstatistieken

HintAntwoord% Correct
HoofdstadManilla
97%
Landen die ooit de Filippijnen hebben bezetenVerenigde Staten
77%
Landen die ooit de Filippijnen hebben bezetenSpanje
76%
Landen die ooit de Filippijnen hebben bezetenJapan
75%
Meest gesproken taalFilipijns (Tagalog)
67%
Grootste eilandenLuzon
52%
Meest dichtstbevolkte stad (een deel van het metrogebied hierboven){Quezon} City
48%
Soort natuurramp die in 2013 het land raakteTyfoon
48%
Grootste eilandenMindanao
43%
Op één na grootste metrogebied{Cebu} City
39%
Controversiële huidige presidentRodrigo Duterte
39%
Ontdekkingsreiziger die in 1512 op de Filipijnen stierfFerdinand
Magellaan
37%
Vulkaan die in 1991 uitbarstte, de grootste uitbarsting in 108 jaarMount Pinatubo
28%
Grootste eilandenNegros
28%
Bokser die wereldkampioen was in acht divisiesManny Pacquiao
27%
Heuvels die bruin worden in het droge seizoen{Chocolate} Hills
26%
Grootste eilandenSamar
22%

Scoreverdeling

Percentiel versus Aantal Correcte Antwoorden

Procent van Mensen met Elke Score

Uw Scoregeschiedenis

U heeft deze quiz nog niet genomen